1131 1513 1228 1439 1679 1036 1234 1402 1516 1982 1131 1484 1707 1208 1972 1365 1172 1117 1548 1818 1416 1774 1771 1252 1892 1051 1031 1284 1112 1754 1244 1186 1998 1818 1861 1773 1488 1928 1721 1547 1414 1636 1133 1183 1413 1330 1056 1073 1822 1601 1526 1960 1919 1273 1066 1252 1419 1928 1809 1799 1047 1879 1647 1159 1844 1150 1132 1383 1997 1691 1477 1545 1832 1449 1583 1862 1378 1735 1693 1493 1654 1906 1753 1837 1947 1814 1471 1320 1830 1943 1016 1042 1545 1419 1671 1774 1555 1110 1969 BCNSPRNW ULIB Ver.6.0+V

เปลี่ยนเป็นภาษาไทย

Change to English
 แสดงรายละเอียดบรรณานุกรม
  กลับหน้าหลัก

Brief Record : Get Marc (ISO 2709) : E-mail record : QR code < ปิดหน้าต่าง
LEADER : 00000nam a2200000 a 4500
001    13399128082
003     ULIB
008    220426s2564 th a 001 0 tha d
020    ^a9786163985521
040    ^abrv
060 04 ^aWY150^bก492
245 00 ^aการพยาบาลอายุรศาสตร์ /^cเขียนโดยคณาจารย์กลุ่มวิชาการพยาบาลอายุรศาสตร์ คณะพยาบาลศาสตร์มหาวิทยาลัยเชียงใหม่ ; บรรณาธิการ ประทุม สร้อยวงค์
250    ^aพิมพ์ครั้งที่ 2 (ฉบับปรับปรุง ครั้งที่ 1)
260    ^aเชียงใหม่ :^bโครงการตำรา คณะพยาบาลศาสตร์ มหาวิทยาลัยเชียงใหม่,^c2564
300    ^a408 หน้า :^bภาพประกอบ ;^c25 ซม.
504    ^aมีบรรณานุกรมและดัชนี
650  4 ^aการพยาบาลอายุรศาสตร์
650  4 ^aการดูแลด้านการพยาบาล
650  4 ^aอายุรศาสตร์
700 0  ^aประทุม สร้อยวงค์.^eบรรณาธิการ
710 2  ^aมหาวิทยาลัยเชียงใหม่.^bคณะพยาบาลศาสตร์
945    ^p300^l0^i29263
945    ^p300^l0^i29264
945    ^p300^l0^i29265
945    ^p300^l0^i29266
945    ^p300^l0^i29267
945    ^p300^l0^i29268
945    ^p300^l0^i29269
945    ^p300^l0^i29285
995    ^aัณชพร จุลอักษร
999    ^aกัณชพร จุลอักษร
รายการนี้ยังไม่มีแท็ก
คุณยังไม่ได้ล็อกอิน คุณสามารถมีกิจกรรมร่วมกับเว็บไซต์ได้ แต่ต้องล็อกอินก่อน ::
  ล็อกอิน

รายการสื่อสารสนเทศ

ลำดับที่ ประเภท เลขเรียก/บาร์โค้ด สถานที่ สถานะ
1. หนังสือสำรอง
หนังสือสำรอง
WY150 ก492 ฉ.1 
  Barcode: 29263
ห้องสมุดวิทยาเขตนครสวรรค์
►หนังสือทั่วไป:l:General Books
บนชั้น
2. วิทยาศาสตร์การแพทย์ และสุขภาพ
วิทยาศาสตร์การแพทย์ และสุขภาพ
WY150 ก492 ฉ.2 
  Barcode: 29264
ห้องสมุดวิทยาเขตนครสวรรค์
►หนังสือทั่วไป:l:General Books
บนชั้น
3. วิทยาศาสตร์การแพทย์ และสุขภาพ
วิทยาศาสตร์การแพทย์ และสุขภาพ
WY150 ก492 ฉ.3 
  Barcode: 29265
ห้องสมุดวิทยาเขตนครสวรรค์
►หนังสือทั่วไป:l:General Books
บนชั้น
4. วิทยาศาสตร์การแพทย์ และสุขภาพ
วิทยาศาสตร์การแพทย์ และสุขภาพ
WY150 ก492 ฉ.4 
  Barcode: 29266
ห้องสมุดวิทยาเขตนครสวรรค์
►หนังสือทั่วไป:l:General Books
บนชั้น
5. วิทยาศาสตร์การแพทย์ และสุขภาพ
วิทยาศาสตร์การแพทย์ และสุขภาพ
WY150 ก492 ฉ.5 
  Barcode: 29267
ห้องสมุดวิทยาเขตนครสวรรค์
►หนังสือทั่วไป:l:General Books
บนชั้น
6. วิทยาศาสตร์การแพทย์ และสุขภาพ
วิทยาศาสตร์การแพทย์ และสุขภาพ
WY150 ก492 ฉ.6 
  Barcode: 29268
ห้องสมุดวิทยาเขตนครสวรรค์
►หนังสือทั่วไป:l:General Books
บนชั้น
7. วิทยาศาสตร์การแพทย์ และสุขภาพ
วิทยาศาสตร์การแพทย์ และสุขภาพ
WY150 ก492 ฉ.7 
  Barcode: 29269
ห้องสมุดวิทยาเขตนครสวรรค์
►หนังสือทั่วไป:l:General Books
บนชั้น
8. วิทยาศาสตร์การแพทย์ และสุขภาพ
วิทยาศาสตร์การแพทย์ และสุขภาพ
WY150 ก492 ฉ.8 
  Barcode: 29285
ห้องสมุดวิทยาเขตนครสวรรค์
►หนังสือทั่วไป:l:General Books
บนชั้น

รายการใกล้เคียง
    หัวเรื่อง [การพยาบาลอายุรศาสตร์]
    หัวเรื่อง [การดูแลด้านการพยาบาล]
    หัวเรื่อง [อายุรศาสตร์]

BibComment


ยังไม่เคยถูกคอมเมนท์

คอมเมนท์ทรัพยากรรายการนี้
  คอมเมนท์: การพยาบาลอายุรศา..


 Copyright 2026. Bcnsprnw @Library